Panorama de la estructura organizativa del sindicalismo mexicano contemporáneo /Leal, Juan Felipe

Wedi'i Gadw mewn:
Manylion Llyfryddiaeth
Prif Awdur: Leal, Juan Felipe
Awduron Eraill: Woldenberg, José
Fformat: Texto
Cyhoeddwyd: México D.F.: UNAM. Centro de Estudios Latinoamericanos
Tagiau: Ychwanegu Tag
Dim Tagiau, Byddwch y cyntaf i dagio'r cofnod hwn!

MARC

LEADER 00000 a a2200000 04500
001 22683
003
040
090 |a 155600  
100 |a Leal, Juan Felipe  
245 |a Panorama de la estructura organizativa del sindicalismo mexicano contemporáneo /Leal, Juan Felipe  
260 |a México D.F.:   |b UNAM. Centro de Estudios Latinoamericanos  
300 |a 13 p.   |b **no definido**   |b il.  
700 |a Woldenberg, José  
999 |c 1158  |d 1158